Guía de la novela negra /

Guía de la novela negra escrita desde el siglo XIX en todos los idiomas, organizada en ocho secciones, según su tipo de protagonistas: 1. Los primeros en llegar a la escena del crimen; 2. Los sabuesos más clásicos; 3. Hardboiled: tipos duros, chulos y solitarios; 4. Detectives privados y malas calle...

Ful tanımlama

Kaydedildi:
Detaylı Bibliyografya
Yazar: Malverde, Héctor (autor)
Materyal Türü: Kitap
Dil:İspanyolca
Baskı/Yayın Bilgisi: Madrid, España : Errata Naturae, 2010, c2010
Konular:
Etiketler: Etiketle
Etiket eklenmemiş, İlk siz ekleyin!

MARC

LEADER 00000nam^a2200000^a^4500
001 000327958
005 20250521000000.0
009 20260310113853.112
020 |a 978-84-937889-5-7 
037 |a Acervo ITESO - Biblioteca 
041 |a ESP 
082 |a 808. 39371  |b MAL 
100 |a Malverde, Héctor  |e (autor) 
245 1 0 |a Guía de la novela negra /  |c H. Malverde. 
264 4 |a Madrid, España :  |b Errata Naturae,  |c 2010, c2010 
300 |a 264 p. 
336 |a texto  |b txt  |2 rdacontenido 
337 |a sin mediación  |b n  |2 rdamedio 
338 |a volumen  |b nc  |2 rdasoporte 
520 |a Guía de la novela negra escrita desde el siglo XIX en todos los idiomas, organizada en ocho secciones, según su tipo de protagonistas: 1. Los primeros en llegar a la escena del crimen; 2. Los sabuesos más clásicos; 3. Hardboiled: tipos duros, chulos y solitarios; 4. Detectives privados y malas calles; 5. Nuestros queridos agentes de la ley; 6. Médicos, forenses y otros admirables intrusos; 7. Cuando el crimen se cruza en tu vida: los amateurs; 8. Y los asesinos. 
649 |a XX 
650 |a Literatura Policíaca y de Misterio -  |x Historia y Crítica -  |x Tema Principal 
650 |a Literatura -  |x Historia y Crítica 
910 |a Fondo General 
920 |a Impresos - Libros 
930 |a Colección General 
940 |a Literatura 
905 |a 101 
901 |a 0500217157  |b IT1  |c LIT  |i C134580  |u 20250521 
902 |a https://opac.biblio.iteso.mx/vufind/Record/000327958